| 000 | 00795nam a2200229 i 4500 | ||
|---|---|---|---|
| 001 | 104923 | ||
| 003 | ES-MaACL | ||
| 005 | 20230906183727.0 | ||
| 007 | t| | ||
| 008 | 060529s1943 fr ||||1| fre d | ||
| 080 | _a2(081) Pseudo Dionisio Areopagita | ||
| 100 | 1 |
_aPseudo Dionisio Areopagita. _994102 |
|
| 245 | 1 | 0 |
_aOeuvres complètes / _cdu Pseudo-Denys l'Aréopagite ; traduction, préface et notes par Maurice de Gandillac. |
| 260 |
_aParis : _bMontaigne, _c[1943] |
||
| 300 |
_a392 p. ; _c19 cm. |
||
| 490 | 1 | _aBibliothèque philosophique | |
| 500 | _aBiblioteca Jacinto Martínez Lacalle. | ||
| 700 | 0 |
_aGandillac, Maurice de, _d1906-2006 _953842 |
|
| 830 | 0 |
_aBibliothèque philosophique _9184873 |
|
| 852 |
_aES-MaACL _jE-11316 _bR.138974 |
||
| 999 |
_c104923 _d104923 |
||